Chicka Chicka Boom Boom / (Record no. 48652)
| 000 -LEADER | |
|---|---|
| fixed length control field | 00445nam a22001217a 4500 |
| 008 - FIXED-LENGTH DATA ELEMENTS--GENERAL INFORMATION | |
| fixed length control field | 250319b |||||||| |||| 00| 0 eng d |
| 020 ## - INTERNATIONAL STANDARD BOOK NUMBER | |
| International Standard Book Number | 9780689835681 |
| 100 ## - MAIN ENTRY--PERSONAL NAME | |
| Personal name | Bill Martin Jr. (Author), John Archambault (Author), Lois Ehlert (Illustrator) |
| 9 (RLIN) | 86154 |
| 245 ## - TITLE STATEMENT | |
| Title | Chicka Chicka Boom Boom / |
| 260 ## - PUBLICATION, DISTRIBUTION, ETC. (IMPRINT) | |
| Place of publication, distribution, etc | New York, London, Toronto and Sydney |
| Name of publisher, distributor, etc | Beach Lane Books |
| Date of publication, distribution, etc | 2000 |
| 300 ## - PHYSICAL DESCRIPTION | |
| Extent | 32 p |
| Other physical details | col. ill. |
| Dimensions | 0.43 x 8.27 x 10.83 inches |
| 942 ## - ADDED ENTRY ELEMENTS (KOHA) | |
| Source of classification or shelving scheme | |
| Koha item type | Book |
| Withdrawn status | Lost status | Source of classification or shelving scheme | Damaged status | Not for loan | Collection code | Home library | Current library | Shelving location | Date acquired | Full call number | Barcode | Date last seen | Price effective from | Koha item type |
|---|---|---|---|---|---|---|---|---|---|---|---|---|---|---|
| Siem Riep | Asian Hope Siem Reap | Asian Hope Siem Reap | Easy Reading | 03/19/2025 | E MAR | 207768 | 03/19/2025 | 03/19/2025 | Book |